Wates Construction Ltd v HGP Greentree Allchurch Evans Ltd (Record no. 76276)
[ view plain ]
| 000 -LEADER | |
|---|---|
| fixed length control field | 01718cab a2200193 4500 |
| 001 - CONTROL NUMBER | |
| control field | ##L131793 |
| 008 - FIXED-LENGTH DATA ELEMENTS--GENERAL INFORMATION | |
| fixed length control field | 051208n2005 000 0 eng u |
| 035 ## - SYSTEM CONTROL NUMBER | |
| System control number | (Sirsi) u131793 |
| 041 0# - LANGUAGE CODE | |
| Language code of text/sound track or separate title | eng |
| 245 00 - TITLE STATEMENT | |
| Title | Wates Construction Ltd v HGP Greentree Allchurch Evans Ltd |
| 260 ## - PUBLICATION, DISTRIBUTION, ETC. | |
| Date of publication, distribution, etc. | 2005 |
| 520 ## - SUMMARY, ETC. | |
| Summary, etc. | [2005] EWHC 2174 (TCC), 10 October 2005. In 2002 the roof of a retail unit collapsed, causing considerable damage. The unit had been constructed by W; the roof had been designed by H, a firm of architects. In June 2004, W issued Part 20 proceedings against H which it continued until the day of the trial, when it discontinued its claim. H submitted that W's conduct throughout had been so unreasonable that the court should assess H's costs on a indemnity basis, at least from the time witness statements were exchanged, when it was apparent that W's claim was hopeless. "Held": Even before exchange of witness statements, it should have been apparent to W that it had a weak case. Once these statements had been exchanged, it was clear that W had no case, and it should have then discontinued its claim. From that point, its conduct was so unreasonable that it justified an order for indemnity costs, particularly as an invitation by H to W to withdraw its claim and pay standard costs had been refused. |
| 590 ## - LOCAL NOTE (RLIN) | |
| Local note | IKA030106 |
| 650 24 - SUBJECT ADDED ENTRY--TOPICAL TERM | |
| Topical term or geographic name entry element | WATES CONSTRUCTION LTD V HGP GREENTREE ALLCHURCH EVANS LTD |
| 650 24 - SUBJECT ADDED ENTRY--TOPICAL TERM | |
| Topical term or geographic name entry element | CIVIL PROCEDURE RULES PART 44 |
| 690 ## - LOCAL SUBJECT ADDED ENTRY--TOPICAL TERM (OCLC, RLIN) | |
| Topical term or geographic name as entry element | MANAGEMENT-DISPUTE AVOIDANCE, MANAGEMENT AND RESOLUTION-DISPUTE MANAGEMENT AND RESOLUTION |
| 856 41 - ELECTRONIC LOCATION AND ACCESS | |
| Uniform Resource Identifier | <a href="https://www.bailii.org/cgi-bin/markup.cgi?doc=/ew/cases/EWHC/TCC/2005/2174.html">https://www.bailii.org/cgi-bin/markup.cgi?doc=/ew/cases/EWHC/TCC/2005/2174.html</a> |
| Public note | View the item free of charge at www.bailii.org... |
| 942 ## - ADDED ENTRY ELEMENTS (KOHA) | |
| Suppress in OPAC | 0 |
| Withdrawn status | Lost status | Source of classification or shelving scheme | Damaged status | Not for loan | Home library | Current library | Shelving location | Date acquired | Total Checkouts | Full call number | Barcode | Date last seen | Copy number | Price effective from | Koha item type |
|---|---|---|---|---|---|---|---|---|---|---|---|---|---|---|---|
| Dewey Decimal Classification | Virtual | Virtual | Online | 08/12/2005 | ONLINE PUBLICATION | 131793-1001 | 06/08/2019 | 1 | 06/08/2019 | Law report |